000 00634nam a2200241Ia 4500
003 0100
008 130303s9999 xx 000 0 und d
040 _cARRUPELIB
050 _aB720.W5 1969
245 _aMedieval Philosophy
245 _bFrom St. Augustine to Nicholas of Cusa
260 _aNew York
260 _bFree Press
260 _C1969
300 _a487p.
300 _b 22 cm.
440 _aReadings in the History of Philosophy
650 _aPHILOSOPHY
650 _bBible - Dictionaries
650 _cBible - Theology - Dictionaries
700 _aWippel, John F ; Wolter, Allan B. (eds.)
942 0 0 _05
999 _c34835
_d34835